00687nam a2200205Ia 450000500170000000800410001702000160005808200210007410000170009524500650011226000410017726000840021830000120030265000100031465000190032465000200034394200060036395200970036999900150046620250122011923.0240331s9999 xx 000 0 und d a29220084337 bCAL26587a305.4 aCallamard, A 0aInvestigating Women's Rights Violations:bin Armed Conflicts aOntariobAmnesty Internationalc2001 aQuebec bInternational Centre for Human Rights and Democratic Developmentc2001 a224 p., aWomen aWomen's Rights aSexual Violence cL 001040708LaWERCLbWERCLcSSCd2024-03-31l0o 305.4 CALp6587r2024-03-31w2024-03-31yL c4991d4991